Statistiken für Liedtext - Du Hast - Rammstein

Klicken Sie hier um das Quiz zu spielen!

Allgemein

  • Dieses Quiz wurde 674 mal gespielt
  • Das Durchschnittsergebnis liegt bei 145 aus 170

Antwortstatistiken

Textquiz% Korrekt
Du
100%
du
100%
hast
100%
mich
98%
ich
92%
und
90%
gefragt
87%
gesagt
87%
hab'
87%
Nein
85%
der
84%
nichts
84%
bis
83%
Willst
82%
Tod
80%
scheide
79%
Scheide
79%
sein
78%
alle
77%
Tage
76%
Treu
76%
für
73%
scheidet
73%
euch
67%
in
59%
Ja
59%
Sie
56%
ihr
54%
zum
53%
auch
51%
lieben
51%
schlechten
49%
Tagen
49%

Verteilung der Resultate

Perzentil nach korrekt beantworteten Fragen

Anzahl Personen mit jedem Resultat

Ihre Resultats-Entwicklung

Sie haben dieses Quiz noch nicht gespielt